Directory of social welfare organisations in Punjab (Record no. 495085)

000 -LEADER
fixed length control field 00354cam a22001097a 4500
008 - FIXED-LENGTH DATA ELEMENTS--GENERAL INFORMATION
fixed length control field 180718b1966 xxu||||| |||| 00| 0 eng d
082 ## - DEWEY DECIMAL CLASSIFICATION NUMBER
Classification number Q00x5433 P969d
245 ## - TITLE STATEMENT
Title Directory of social welfare organisations in Punjab
260 ## - PUBLICATION, DISTRIBUTION, ETC.
Place of publication, distribution, etc. Chandigarh
Name of publisher, distributor, etc. The Controller, Printing and Stationery
Date of publication, distribution, etc. 1966
300 ## - PHYSICAL DESCRIPTION
Extent -
700 ## - ADDED ENTRY--PERSONAL NAME
Personal name Directorate of Social Welfare, Punjab
Holdings
Withdrawn status Lost status Damaged status Not for loan Permanent Location Current Location Date acquired Full call number Barcode Date last seen Price effective from Koha item type
        Indian Institute of Public Administration Indian Institute of Public Administration 2018-08-04 Q00x5433 P969d GG6155 2018-08-04 2018-08-04 GG

Powered by Koha